| 000 | 00672nam a2200241Ia 4500 | ||
|---|---|---|---|
| 003 | OSt | ||
| 005 | 20220925201841.0 | ||
| 006 | a|||||r|||| 00| 0 | ||
| 007 | ta | ||
| 008 | 220923b |||||||| |||| 00| 0 eng d | ||
| 037 | _cGeneral Book | ||
| 040 |
_aRTL _cRTL _beng |
||
| 041 |
_2eng _aeng |
||
| 082 | _aR6, K5 | ||
| 100 | _aSrivastava Rama Shanker | ||
| 245 | 0 | _aContemporary Indian philosophy | |
| 260 |
_aDelhi _bMunshiram Manoharlal India _c1965 |
||
| 300 |
_axv, 398p _ccm. |
||
| 500 | _aBibliography: P 387-94 | ||
| 650 |
_aPhilosophy-Indian _9262715 |
||
| 942 |
_hR6, K5 _cGB _2CC |
||
| 999 |
_c541500 _d541500 |
||